Responses for Show #2946 - Monday, May 26, 1997

Contestants

[<< previous game]

Michael Berman, a writer originally from Williston Park, New York

Elin Gaynor, a secretarial school teacher from Chicopee, Massachusetts

Doug Antoniazzi, a test systems analyst from Hyde Park, Massachusetts (whose 1-day cash winnings total $12,999)

[next game >>]

Jeopardy! Round responses

BOTANY
7-LETTER WORDS
HISTORIC HOMES
MYTHOLOGY
RECURRENCES
TV PILOTS
    $100 26
bees

Michael
    $100 7
mascara

Elin
    $100 1
Baltimore

Elin
    $100 6
Remus

Elin
    $100 18
2000

Doug
    $100 10
helicopter

Doug
    $200 27
petals

Doug
    $200 8
vertigo

Doug
    $200 2
Henry Wadsworth Longfellow

Elin
    $200 14
Aztecs

Doug
    $200 19
swallows

Elin
    $200 11
Craig T. Nelson

Elin
    $300 28
sugar beet

Elin
    $300 9
Lambada

Michael
    $300 3
Clara Barton

Elin
    $300 15
hammer

Michael
    $300 20
hurricanes

Doug
    $300 16
Battlestar Galactica

Michael
    $400 29
tendrils

Doug
    $400 12
humidor

Doug
    $400 4
Taft

Doug
    $400 24
Circe

Doug
    $400 21
Belgium

Doug
    $400 17
Petticoat Junction

Elin
    $500 30
evergreens

Elin
    $500 13
diurnal

Doug
    $500 5
Balmoral

Doug
    $500 25
Helen

Elin
    $500 22
December

Doug
    $500 23
Steve Austin (The Six Million Dollar Man)

Michael

Scores at the first commercial break (after clue 15):

Doug Elin Michael
$2,300 $1,000 $600

Scores at the end of the Jeopardy! Round:

Doug Elin Michael
$4,600 $2,900 $1,500

Double Jeopardy! Round responses

THE CIVIL WAR
HATS
SEA CREATURES
LANGUAGES
LITERATURE
HUSBAND & WIFE SINGERS
    $200 6
Robert E. Lee

Michael
    $200 26
eighth of an inch

Elin
    $200 21
squid

Doug
    $200 16
Arabic

Elin
    $200 11
Little Women

Michael
    $200 1
Bruce Springsteen

Michael
    $400 7
Jefferson Davis

Michael
    $400 27
turban

Michael
    $400 22
Portuguese man-of-war

Elin
    $600 17
Samoyed

Elin
    $400 12
Vanity Fair

Elin
    $400 2
Paul Simon

Michael
    $600 8
Pinkerton

Doug
    $600 28
(Doug: Who's the Pope?)

(John) Stetson

DougElin
    $600 23
mother-of-pearl

Doug
    $600 18
(Alex: *, yes)

ancient Greek

Doug
    $1,000 13
(Elin: I have no idea.)

Hester Prynne

Elin
    $600 3
Captain & Tennille

Doug
    $800 9
Tennessee

Elin
    $800 29
bonnet

Michael
    $800 24
lobster

Doug
    $800 19
English

Doug
    $800 14
(Elin: What is The Sun Also Rises?)

For Whom The Bell Tolls

Elin
Triple Stumper
    $800 4
Kris Kristofferson

Elin
    $1000 10
Antietam

Michael
    $1000 30
Beefeaters (yeomen of the guard)

Doug
    $1000 25
coelacanth

Michael
    $1000 20
(Michael: What is Hindi?)

Sanskrit

DougMichael
    $1000 15
Far From The Madding Crowd

Triple Stumper
    $1000 5
Faith Hill

Triple Stumper

Scores at the end of the Double Jeopardy! Round:

Doug Elin Michael
$10,200 $5,100 $5,100
(lock-tie game)

[wagering suggestions for these scores]

Final Jeopardy! Round responses

OSCAR-WINNING FILMS
[Elin's response was revealed first.]
ElinWhat is Patton?
$5,099
MichaelWhat is “Patton”?
$5,100
DougWhat was Patton?
$0
Patton

Final scores:

Doug Elin Michael
$10,200 $10,199 $10,200
2-day co-champion: $23,199 2nd place New co-champion: $10,200

Game dynamics:

Coryat scores:

Doug Elin Michael
$10,200 $5,900 $5,100
23 R
(including 1 DD),
1 W
19 R
(including 1 DD),
2 W
(including 1 DD)
14 R,
1 W

Combined Coryat: $21,200

[game clues] [game scores] [suggest correction]

Game tape date: 1997-01-15
The J! Archive is created by fans, for fans. Scraping, republication, monetization, and malicious use prohibited; this site may use cookies and collect identifying information. See terms. The Jeopardy! game show and all elements thereof, including but not limited to copyright and trademark thereto, are the property of Jeopardy Productions, Inc. and are protected under law. This website is not affiliated with, sponsored by, or operated by Jeopardy Productions, Inc. Join the discussion at JBoard.tv.